F1 by instagram followers - Statistics

General Stats
  • This quiz has been taken 33 times
    10 since last reset
  • The average score is 3 of 22
Answer Stats
Hint Answer % Correct
42.7 m Hamilton
88%
11.7 m Norris
38%
18.3 m Verstappen
38%
7.9 m Alonso
25%
23.5 m Leclerc
25%
1 m Lindblad
25%
4.2 m Albon
13%
5.6 m Antonelli
13%
3.7 m Bearman
13%
2.9 m Hulkenberg
13%
6.3 m Piastri
13%
2.4 m Bortoleto
0%
5.6 m Bottas
0%
5.4 m Colapinto
0%
6.1 m Gasly
0%
1.8 m Hadjar
0%
1.4 m Lawson
0%
3 m Ocon
0%
8.4 m Perez
0%
8.6 m Russell
0%
12.5 m Sainz
0%
1.7 m Stroll
0%
No matching quizzes found
Score Distribution
Percent of People with Each Score
Percentile by Number Answered
Your Score History
You have not taken this quiz since the last reset